Relación entre la salud mental y el desarrollo humano /

El siguiente artículo pretende comprender las relaciones entre el desarrollo y la salud mental de los ciudadanos, haciendo énfasis en la necesidad de trascender la visión en centrada exclusivamente en la riqueza económica para centrarnos en una perspectiva más amplia donde sea importante el contenid...

ver descrição completa

Na minha lista:
Detalhes bibliográficos
Autor principal: Posada Villa, José Abelardo
Outros Autores: Rodríguez Ospina, Marcela, Duque Cajamarca, Patricia
Formato: Texto
Assuntos:
Tags: Adicionar Tag
Sem tags, seja o primeiro a adicionar uma tag!

MARC

LEADER 00000 a a2200000 04500
001 44505
003
040
100 |a Posada Villa, José Abelardo  
245 |a Relación entre la salud mental y el desarrollo humano /  |c José Abelardo Posada Villa, Marcela Rodríguez Ospina, Patricia Duque Cajamarca  
520 |a El siguiente artículo pretende comprender las relaciones entre el desarrollo y la salud mental de los ciudadanos, haciendo énfasis en la necesidad de trascender la visión en centrada exclusivamente en la riqueza económica para centrarnos en una perspectiva más amplia donde sea importante el contenido de la vida, rica en experiencias, libertades y salud.  
590 |a RRH/ENERO2014  
650 |a 1. DESARROLLO ECONOMICO  
650 |a 2. SALUD MENTAL  
650 |a 3. DESARROLLO HUMANO  
650 |a 4. POBREZA  
650 |a 5. INGRESO  
700 |a Rodríguez Ospina, Marcela  
700 |a Duque Cajamarca, Patricia  
773 |g páginas 259-269  
999 |c 35837  |d 35837